00236nam a2200097Ia 4500001000800000005001700008008004100025020001800066245003500084260001900119127222620260417151424.0260417s9999 xx 000 0 und d a9786256910119 0aHayao MiyazakicBeliz Yüksel bKetebe Çocuk